000 00618nam a2200205Ia 4500
003 GCL
008 140319s9999 xx 000 0 ara d
040 _aGCL /
_cGCL
082 0 4 _a812.009
_bف م
100 1 _aمحمود دياب
245 1 0 _aمسرحيات فصل واحد (هدية من الاديب عبدالفتاح الجمل) /
_cمحمود دياب
700 1 _aفتحى رضوان
700 1 _aفريد كامل
300 _a136 ص
490 _a
650 0 4 _aالمسرح العربى
650 0 4 _aتاريخ ونقد
650 0 4 _aالادب العربى - مسرحيات
942 _2ddc
_cBK
999 _c38610
_d38610